000
00343nam a2200145Ia 4500
008
150201s2009 xx 000 0 und d
082
_a
617.632
_b
C2009V
100
_a
VERMA,R
245
_a
CLINICAL PERIODONTOLOGY
250
_a
2ND
260
_b
ARYA PUBLICATION
_a
DELHI
_c
2009
300
_a
1-412
650
_a
PERIODONTICS
942
_2
ddc
_c
BK
999
_c
4538
_d
4538